Law of Evidence (Qanun-e-Shahadat, 1984) Vol II / (Record no. 540994)
[ view plain ]
| 000 -LEADER | |
|---|---|
| fixed length control field | 00417nam a22001217a 4500 |
| 082 ## - DEWEY DECIMAL CLASSIFICATION NUMBER | |
| Classification number | 347.4106 |
| 100 ## - MAIN ENTRY--PERSONAL NAME | |
| Personal name | Monir, M ; Shamsi, Muhammad Imran |
| 245 ## - TITLE STATEMENT | |
| Title | Law of Evidence (Qanun-e-Shahadat, 1984) Vol II / |
| Statement of responsibility, etc. | M Monir ; Muhammad Imran Shamsi |
| 260 ## - PUBLICATION, DISTRIBUTION, ETC. | |
| Place of publication, distribution, etc. | Lahore : |
| Name of publisher, distributor, etc. | Hassan Haider Law Books Publishers, |
| Date of publication, distribution, etc. | 2019. |
| 300 ## - PHYSICAL DESCRIPTION | |
| Extent | 2079 p. ; |
| Dimensions | 24cm. |
| 942 ## - ADDED ENTRY ELEMENTS (KOHA) | |
| Source of classification or shelving scheme | |
| Koha item type | Book |
| Withdrawn status | Lost status | Source of classification or shelving scheme | Materials specified (bound volume or other part) | Damaged status | Not for loan | Permanent Location | Current Location | Shelving location | Date acquired | Source of acquisition | Total Checkouts | Full call number | Barcode | Date last seen | Date last checked out | Price effective from | Koha item type | Public note |
|---|---|---|---|---|---|---|---|---|---|---|---|---|---|---|---|---|---|---|
| CSS Corner Book | NUST Law School (NLS) | NUST Law School (NLS) | Central Superior Services | 11/16/2020 | Allied Book Company | 1 | 347.4106 SHA | CL-439 | 01/26/2026 | 01/20/2026 | 11/16/2020 | CSS Corner | CSS Corner Book |
